| 000 | 01387nam a2200289Ia 4500 | ||
|---|---|---|---|
| 003 | GCL | ||
| 008 | 140319s9999 xx 000 0 ara d | ||
| 040 |
_aGCL / _cGCL |
||
| 082 | 0 | 4 |
_a953 _bو أ |
| 100 | 1 | _aوزارة التعليم العالى | |
| 245 | 1 | 0 |
_aاثر العرب والاسلام فى النهضة الاوربية / _cوزارة التعليم العالى |
| 250 | _aالاولى | ||
| 260 |
_aالقاهرة : _bاليونسكو ، _c2005 |
||
| 300 |
_a343ص ؛ _c24سم |
||
| 650 | 0 | 4 | _aالحضارة العربية الاسلامية - المعارف البحرية |
| 650 | 0 | 4 | _aالحضارة الاوربية |
| 650 | 0 | 4 | _aالحضارة العربية الاسلامية |
| 650 | 0 | 4 | _aالحضارة العربية الاسلامية - الادب |
| 650 | 0 | 4 | _aالحضارة العربية الاسلامية - العلوم الطبيعية |
| 650 | 0 | 4 | _aالحضارة العربية الاسلامية - الطب |
| 650 | 0 | 4 | _aالحضارة العربية الاسلامية - الموسيقى |
| 650 | 0 | 4 | _aالحضارة العربية الاسلامية - الفلسفة |
| 650 | 0 | 4 | _aالحضارة العربية الاسلامية - الجغرافيا |
| 650 | 0 | 4 | _aالحضارة العربية الاسلامية - التاريخ |
| 650 | 0 | 4 | _aالحضارة العربية الاسلامية - العمارة |
| 942 |
_2ddc _cBK |
||
| 999 |
_c7693 _d7693 |
||